No halt to greenfield housing growth (Record no. 72011)

MARC details
000 -LEADER
fixed length control field 01329cam a2200229 4500
001 - CONTROL NUMBER
control field WB3904-12
008 - FIXED-LENGTH DATA ELEMENTS--GENERAL INFORMATION
fixed length control field 030130n2003 000 0 eng u
035 ## - SYSTEM CONTROL NUMBER
System control number (Sirsi) u121184
245 ## - TITLE STATEMENT
Title No halt to greenfield housing growth
260 ## - PUBLICATION, DISTRIBUTION, ETC.
Date of publication, distribution, etc. 2003
490 ## - SERIES STATEMENT
Series statement CPRE Press Release
Volume/sequential designation 22 January 2003, (3)
520 ## - SUMMARY, ETC.
Summary, etc. The Council for the Protection of Rural England (CPRE) has revealed in its latest survey of existing and emerging county structure plans proposals for greenfield housing development in England covering more than 431sq km. Councils are willing to earmark greenfield sites despite government policy prioritising the use of urban brownfield sites. CPRE is calling on the government to increase its national brownfield housing target from 60% to 75%. Greenfield housing hot spots map http://www.cpre.org.uk/resources/pub/PDFs/planning/greenfield-housing-hotspots.pdf ; Greenfield housing allocation table http://www.cpre.org.uk/resources/pub/PDFs/planning/county-structure-plans-table.pdf http://www.cpre.org.uk/press/rel2003/02-03.htm
590 ## - LOCAL NOTE (RLIN)
Local note WB
650 ## - SUBJECT ADDED ENTRY--TOPICAL TERM
Topical term or geographic name entry element GREENFIELD SITES
650 ## - SUBJECT ADDED ENTRY--TOPICAL TERM
Topical term or geographic name entry element BROWNFIELD SITES
650 ## - SUBJECT ADDED ENTRY--TOPICAL TERM
Topical term or geographic name entry element STRUCTURE PLANS
650 ## - SUBJECT ADDED ENTRY--TOPICAL TERM
Topical term or geographic name entry element LOCAL AUTHORITIES
650 ## - SUBJECT ADDED ENTRY--TOPICAL TERM
Topical term or geographic name entry element CPRE
650 ## - SUBJECT ADDED ENTRY--TOPICAL TERM
Topical term or geographic name entry element COUNCIL FOR THE PROTECTION OF RURAL ENGLAND
690 ## - LOCAL SUBJECT ADDED ENTRY--TOPICAL TERM (OCLC, RLIN)
Topical term or geographic name as entry element HOUSING-DEVELOPMENT
942 ## - ADDED ENTRY ELEMENTS (KOHA)
Suppress in OPAC 0
Holdings
Withdrawn status Lost status Source of classification or shelving scheme Damaged status Not for loan Home library Current library Shelving location Date acquired Total Checkouts Full call number Barcode Date last seen Copy number Price effective from Koha item type
    Dewey Decimal Classification     London London News article 30/01/2003   WB3904-12 121184-1001 06/08/2019 1 06/08/2019 News article